| 000 | 01156nam a22002657a 4500 | ||
|---|---|---|---|
| 005 | 20180210111523.0 | ||
| 008 | 131126b xxu||||| |||| 00| 0 pun d | ||
| 010 | _aPUN- B-577659--662 B-669924 | ||
| 020 |
_c200.00 _a9789382245506 |
||
| 035 | _aPN- B-577659-662 | ||
| 035 | _aB-669924 | ||
| 037 | _bDBAD / PUB | ||
| 037 | _bLokgeet prakashan | ||
| 040 |
_adpl _bpn |
||
| 082 | _a851 | ||
| 100 | _aਜੈਨ,ਸਤੀਸ਼ | ||
| 245 |
_aਉਰਦੂ ਮੁਸ਼ਾਇਰੇ / _cਸਤੀਸ਼ ਜੈਨ |
||
| 246 |
_aUrdu mushayere _bby Satish Jain |
||
| 260 |
_aChandigarh _bScience and General Publishers _c2013 |
||
| 270 |
_bChandigarh _asco.26-27,sector-34 A, _k0172-5077427 _e160022 |
||
| 300 | 4 |
_a160p. _c22ਸੇਂਮੀ (ਸਜਿਲੱਦ) |
|
| 942 |
_2ddc _cPN _h851 _mਜੈਨਸ |
||
| 999 |
_c88608 _d88608 |
||